000 01033nam a2200289 i 4500
001 187660
003 ES-MaACL
005 20250902225557.0
008 171215s2016 sp d |||| | spa d
020 _a978-84-92937-63-9
080 _a336.711(460)"18"
245 0 3 _aLa pluralidad de emisión en España, 1844-1874 /
_cedición a cargo de Carles Sudrià Triay, Yolanda Blasco-Martel ; Mercedes Bernal Lloréns ... [et al.].
250 _a1ª ed.
260 _aBilbao :
_bFundación BBVA,
_c2016.
300 _a709 p. :
_bgráf. ;
_c24 cm.
500 _aÍndices.
504 _aBibliografía: p. 675-696.
650 4 _aBancos-
_zEspaña-
_yS.XIX.
_910490
651 4 _aEspaña-
_xPolítica monetaria-
_yS.XIX
_98438
700 1 _aSudrià i Triay, Carles.
_9108723
700 1 _aBlasco Gil, Yolanda.
_9152193
700 1 _aBernal Lloréns, Mercedes.
_9163936
710 2 _aFundación BBVA
_94230
852 4 _aES-MaACL
_jA-14158
_9194748
_bR.151346
_cDEPO1
942 _2udc
_cMONOGRAFIA
999 _c187660
_d187660